STN EN 29333: 2001 (66 5242), Stomatologické tvrdé spájky

Táto národná norma je identická s EN 29333: 1991

Bibliographic Details
Main Author: Barták, Ľubomír (Author)
Corporate Author: Slovenská komora zubných lekárov (Translator)
Other Authors: Janská, Eva (Translator)
Format: Book
Language:Slovak
English
PhysicalDescription:12 s. obr. 30 cm
Published: Bratislava Slovenský ústav technickej normalizácie 2001
Subjects:

MARC

LEADER 00000nam a2200000 a 4500
001 vtls010660929
003 SK-MaSNL
005 20260301035318.0
008 160429s2001 xo a fru 000 0 slo
015 |a SNBN2015 
020 |c (cen. skup. 10) 
040 |a SNK  |b slo  |c SNK  |e AACR2 
041 1 |a slo  |h eng 
044 |a xo  |c SK 
046 |a s  |m 200104 (účin.) 
072 7 |a 616  |x Patológia. Klinická medicína  |2 konspekt 
072 7 |a 616.31  |x Stomatológia  |2 konspekt 
080 |a 616.31  |2 2001 
080 |a 616.314:615.461/.465  |2 2001 
080 |a 006.7/.8  |2 2001 
080 |a (437.6)  |2 2001 
080 |a (4)  |2 2001 
080 |a (083)  |2 2001 
084 |a 11.060.20  |2 ICS 
130 0 |a STN 66 5242 (STN EN 29333)  |9 337668 
245 1 0 |a STN EN 29333: 2001 (66 5242), Stomatologické tvrdé spájky 
246 1 0 |a Stomatologické tvrdé spájky 
246 3 0 |a EN 29333: 1991 
260 |a Bratislava  |b Slovenský ústav technickej normalizácie  |c 2001 
300 |a 12 s.  |b obr.  |c 30 cm 
500 |a Súbežný názov v angličtine, francúzštine, nemčine 
500 |a Spracovateľ: Slovenská komora zubných lekárov Bratislava, Eva Janská ; SÚTN Bratislava, Ľubomír Barták 
504 |a Citované normy a súvisiace právne predpisy s. 2 
520 8 |a Táto národná norma je identická s EN 29333: 1991 
540 |a STN vydané na akomkoľvek nosiči sa môžu rozmnožovať a rozširovať iba so súhlasom určenej právnickej osoby  |b SÚTN Bratislava  |c zákon 264/1999 Z. z. 
650 0 7 |a stomatológia  |2 SNKPH  |9 917 
650 0 7 |a technické normy a štandardy  |z krajiny Európskej únie  |2 SNKPH  |9 289341 
650 0 7 |a technické normy a štandardy  |z Slovensko  |2 SNKPH  |9 79594 
650 0 7 |a Stomatology  |2 SNKPHeng  |9 268166 
650 0 7 |a dentálne materiály  |2 SNKPH  |9 92979 
650 0 7 |a Dental materials  |2 SNKPHeng  |9 312465 
655 7 |a normy  |2 SNKPH  |9 70643 
700 1 |a Janská, Eva  |4 trl  |9 337669 
700 1 |a Barták, Ľubomír  |4 aut  |9 312466 
710 2 |a Slovenský ústav technickej normalizácie  |4 stn  |9 32706 
710 2 |a Slovenská komora zubných lekárov  |4 trl  |9 16532 
958 |a OP 
958 |a NB 
999 |c 583716  |d 585646 
952 |a SNK  |b SNK  |y PREZ  |7 0  |p 17A1140665  |o snkSTN EN 29333  |i snk2015/9005  |8 0  |0 0  |1 0  |4 0  |d 2015-03-13  |l 0  |r 2026-02-23 15:00:06  |w 2026-02-23 
952 |a SNK  |b SNK  |y PREZ  |7 0  |p 17A1140666  |o snkSTN EN 29333 D1  |i snk2015/9006  |8 0  |0 0  |1 0  |4 0  |d 2015-03-13  |l 0  |r 2026-02-23 15:00:06  |w 2026-02-23